| 000 | 00848nam a2200265 i 4500 | ||
|---|---|---|---|
| 001 | 181878 | ||
| 003 | ES-MaACL | ||
| 005 | 20240126205332.0 | ||
| 008 | 130503s2012 sp | |||||||| | spa d | ||
| 020 | _a978-84-8393-091-5 | ||
| 080 | _a82-31.09 | ||
| 100 | 1 |
_aBloom, Harold. _929559 |
|
| 245 | 1 | 0 |
_aNovelas y novelistas : _bel canon de la novela / _cHarold Bloom ; traducción de Eduardo Berti. |
| 250 | _a1ª ed. | ||
| 260 |
_aMadrid : _bPáginas de Espuma, _c2012. |
||
| 300 |
_a879 p. ; _c22 cm. |
||
| 490 | 1 |
_aVoces ; _v164. _aEnsayo |
|
| 500 | _aÍndice. | ||
| 650 | 0 | 4 |
_aNovela- _xHistoria y crítica. _915603 |
| 700 | 1 |
_aBerti, Eduardo, _d1964- _9152681 |
|
| 830 | 0 |
_aVoces ; _v164. _aEnsayo _9223010 |
|
| 852 |
_aES-MaACL _jA-12692 _9188786 _bR.148659 _cDEPO1 _dOlim: N-5693 |
||
| 942 |
_2udc _cMONOGRAFIA |
||
| 999 |
_c181878 _d181878 |
||